Leasing
Z obsahu sekcie: Leasingové spoločnosti v SR podľa hlavných ukazovateľov. Stále variabilnejší a cenovo výhodnejší leasing v spoločnosti Škofin, s.r.o. Bratislava. Nedostatok dlhodobých zdrojov a súčasná daňová legislatíva sú príčinami pomalšieho rozbehu leasingu nehnuteľností. Leasing v ČR a v Európ...
Uložené v:
| Médium: | Kapitola |
|---|---|
| Jazyk: | Slovak |
| Predmet: | |
| Tagy: |
Žiadne tagy, Buďte prvý, kto otaguje tento záznam!
|
MARC
| LEADER | 00000naa a2200000 4500 | ||
|---|---|---|---|
| 001 | r022703 | ||
| 005 | 20230921075349.7 | ||
| 041 | 0 | |a slo | |
| 044 | |a SK | ||
| 245 | 1 | 0 | |a Leasing |
| 520 | |a Z obsahu sekcie: Leasingové spoločnosti v SR podľa hlavných ukazovateľov. Stále variabilnejší a cenovo výhodnejší leasing v spoločnosti Škofin, s.r.o. Bratislava. Nedostatok dlhodobých zdrojov a súčasná daňová legislatíva sú príčinami pomalšieho rozbehu leasingu nehnuteľností. Leasing v ČR a v Európe. Rozhodovanie firmy o výhodách finančného leasingu. Leasingové podmienky vybraných spoločností. | ||
| 610 | 2 | 0 | |a Slovensko |
| 610 | 2 | 0 | |a Česko |
| 610 | 2 | 0 | |a Európa |
| 610 | 2 | 0 | |a lízing |
| 610 | 2 | 0 | |a spoločnosti lízingové |
| 610 | 2 | 0 | |a ukazovatele ekonomické |
| 610 | 2 | 0 | |a dane |
| 610 | 2 | 0 | |a legislatíva |
| 610 | 2 | 0 | |a nehnuteľnosti |
| 610 | 2 | 0 | |a podnik |
| 610 | 2 | 0 | |a údaje štatistické |